000 01049nam a2200313 a 4500
003 CHAP
005 20220329143642.0
008 101117s2009 mx 00010 spa d
010 _a99853
011 _a100825
020 _a9786074270488
035 _a111511
040 _cCHAP
090 _aCD - 270
110 0 _aMéxico. Secretaría de Gobernación
_977180
245 1 3 _aProtección jurídica del patrimonio histórico de México [Disco compacto]
_c/por México. Secretaría de Gobernación
260 _aMéxico, D.F. :
_bSEGOB,
_c2009
300 _a1 disco compacto ;
_c4 3/4 plgs.
590 _aBATCH-UPD
_b10
_c20130110
_lUCH01
_h1231
590 _aBATCH-UPD
_b10
_c20130410
_lUCH01
_h0801
590 _aBATCH-UPD
_b10
_c20130914
_lUCH01
_h0359
590 _aCONVERSION
_b10
_c20130109
_lUCH01
_h1355
650 0 4 _aArqueología
_zMéxico.
_97357
650 0 4 _aHistoria
_xEstudio y enseñanza.
_955603
650 0 4 _aHistoria
_xInvestigación.
_955605
901 _aBK
942 _cCD
949 _aCD-270
_bBC
_cCD
_d33724002222347
_eCD
_i111511
_sb
999 _c99853
_d99853